00495nam a22001457a 450000500170000001000150001702000260003203500130005803700130007124501360008426000260022027000430024630000320028970000280032120130719172024.0 aENG-108091 c750.00a9789380574417 aEN-91624 bDBAD/PUB aThe Economics and social issues of financial liberalization :bevidence from emerging countries /cedited by Krishna Reddy Chittedi aDelhibBookwellc2013 a3/79, Nirankari Colony,bDelhie110009 axiv,245p. :c20cm(Hb)bill. aChittedi, Krishna Reddy